000 02275nam0a2200313 4500
001 RU\NLR\BIBL_A\022745401
005 20260503064427.0
010 _a978-5-7883-2219-3
_9120
021 _aRU
_bКН-П-26-001448
_9КН-П-26-0134
035 _a(NLR Aleph) 022745401
090 _a13699949
_c13699949
100 _a20260305d2025 u y0rusy50 ca
101 0 _arus
102 _aRU
105 _aa j 000zy
181 0 _ai3
_baxxe
182 0 _an
200 1 _aВыбор траекторий полета космических аппаратов методами вариационного исчисления
_eучебное пособие для обучающихся по основным образовательным программам высшего образования по направлениям подготовки 24.03.01 Ракетные комплексы и космонавтика, 24.04.01 Ракетные комплексы и космонавтика
_fЕ. В. Баринова
_gМинистерство науки и высшего образования Российской Федерации, Федеральное государственное автономное образовательное учреждение высшего образования "Самарский национальный исследовательский университет имени С. П. Королева" (Самарский университет)
203 _aТекст
_bвизуальный
_cнепосредственный
210 _aСамара
_cИздательство Самарского университета
_d2025
215 _a79 с.
_cил.
_d20
320 _aБиблиогр.: с. 79 (7 назв.)
606 1 _aКосмические летательные аппараты
_jУчебные издания для высших учебных заведений
_xДвижение
_xТраектории
_xОпределение
_xВариационные методы
_92707007
_3RU\NLR\AUTH\6601769832
686 1 _aО62-015.4я73-1
700 1 _aБаринова
_bЕ. В.
_gЕлена Витальевна
942 _cBOOK
980 _aNB